| 000 | 03087cam a22007214i 4500 | ||
|---|---|---|---|
| 003 | PE-LiUPU | ||
| 005 | 20250731170455.0 | ||
| 008 | 150706s2007 sp rb 000 0 spa d | ||
| 020 | _a8436821343 | ||
| 020 | _a9788436821345 | ||
| 035 | _a(Sirsi) i9788436821345 | ||
| 040 |
_aPE-LiUPU _bspa _cPE-LiUPU _erda |
||
| 049 | _aPRUA | ||
| 082 | 0 | 4 |
_a155.4 _bM12 _221 |
| 100 | 1 |
_aMacià Antón, Diego, _eautor. |
|
| 245 | 1 | 0 |
_aProblemas cotidianos de conducta en la infancia : _bintervención psicológica en el ámbito clínico y familiar / _cDiego Macià Antón. |
| 264 | 1 |
_aMadrid : _bPirámide, _c[2007]. |
|
| 300 |
_a245 páginas ; _c23 centímetros. |
||
| 336 |
_atext _2rdacontent |
||
| 337 |
_aunmediated _2rdamedia |
||
| 338 |
_avolume _2rdacarrier |
||
| 490 | 0 | _aColección "Ojos solares". Sección Tratamientos | |
| 504 | _aIncluye referencias bibliografícas. | ||
| 505 | 0 | _aDesarrollo infantil y problemas de conducta -- Cómo influir sobre la conducta en la infancia. Problemas cotidianos de conducta en la infancia: aplicación práctica de los principios de evaluación y modificación de conducta -- Intervención en el ámbito familiar: Guía para padres. | |
| 526 | _aSEG68 | ||
| 526 | _aSEG70 | ||
| 526 | _aSEG69 | ||
| 526 | _aSEG67 | ||
| 526 | _aSEG43 | ||
| 526 | _aP144 | ||
| 526 | _aP143 | ||
| 526 | _aP131 | ||
| 526 | _aP122 | ||
| 526 | _aP120 | ||
| 526 | _aP117 | ||
| 526 | _aP112 | ||
| 526 | _aP110 | ||
| 526 | _aP106 | ||
| 526 | _aP101 | ||
| 526 | _aP80 | ||
| 526 | _aP59 | ||
| 526 | _aP54 | ||
| 526 | _aP35 | ||
| 526 | _aP33 | ||
| 526 | _aP30 | ||
| 541 | _g045-0004382; | ||
| 541 | _g001-000128; | ||
| 541 | _g002-00000792; | ||
| 650 | 0 | 4 | _aPsicología infantil. |
| 650 | 0 | 4 |
_aPadres e hijos _xPsicología. |
| 650 | 0 | 4 |
_aEducación de niños. _91818 |
| 700 | 1 |
_aXavier Méndez, Francisco, _edirector. |
|
| 910 |
_agl _bjv _cng _d20121213 |
||
| 910 |
_adbm _bksl _cksl _d20190130 |
||
| 942 |
_2ddc _cBOOK |
||
| 949 |
_a155.4 M12 _wDEWEY _c1 _i65981 _lCCODEBUL1 _mBUL _p20.00 _r0 _sY _tBOOK _u2015-7-6 _xSALUD _PP33 _o.STAFF. Colección General |
||
| 949 |
_a155.4 M12 _wDEWEY _c2 _i69363 _lCCODEBUL1 _mBUL _p69.00 _r0 _sY _tBOOK _u2015-7-6 _xSALUD _PP33 _o.STAFF. Colección General |
||
| 994 |
_aC0 _bPEPRU |
||
| 596 | _a1 | ||
| 999 |
_a155.4 M12 _wDEWEY _c54348 _i65981 _d54348 _e2017-11-30 _f2021-11-3 _g5 _lCCODEBUL1 _mBUL _n6 _p20.00 _q2 _r0 _sY _tBOOK _u2015-7-6 _xSALUD _zP33 _0COMPRA _o.STAFF. Colección Ciencias de la Salud |
||
| 999 |
_a155.4 M12 _wDEWEY _c2 _i69363 _d2019-5-15 _e2018-10-5 _f2021-11-3 _g5 _lCCODEBUL1 _mBUL _n10 _p69.00 _q1 _r0 _sY _tBOOK _u2015-7-6 _xSALUD _zP33 _0COMPRA _o.STAFF. Colección Ciencias de la Salud |
||
| 999 |
_a155.4 M12 _wDEWEY _c3 _i79800 _d2019-10-15 _e2019-10-11 _f2021-11-3 _g4 _lCCODEBUL1 _mBUL _n6 _p28.34 _r0 _sY _tBOOK _u2019-1-30 _xSALUD _zP33 _0COMPRA _1FCOMPR2 _o.STAFF. Colección Ciencias de la Salud |
||
| 980 |
_81 _gALBERTO SANCHEZ Responsable de Automatización |
||